000 00501 a2200169 4500
999 _c41212
_d41212
003 OSt
005 20210708123120.0
008 210708b ||||| |||| 00| 0 eng d
020 _a9788121924429
040 _cOCLC
082 _a574.87
_bVER/C
100 _aVerma, P S
_94907
245 _aCell Biology, Genetics, Molecular Biology, Evolution and Ecology
260 _aNew Delhi:
_bS Chand,
_c2020
700 _aAggarwal,N K
942 _cBK
_2ddc
_h547.87
_iVER/C
_k547.87
_mVE/C